000 00508nam a2200181Ia 4500
008 090630s9999 xx 000 0 und d
082 _b23978
100 _aभावे अपर्णा.
245 _aधग.
_cभावे अपर्णा.
260 _bपायल - पुणे.
300 _a0
600 _aभावे अपर्णा.
630 _aधग.
655 _aकादंबरी.
700 _aभावे अपर्णा.
730 _aधग.
942 _cBOOK
999 _c275834
_d275834